000 00385cam a2200157ua 4500
003 OSt
008 241223b |||||||| |||| 00| 0 eng d
041 _aeng
082 _a621.47
_bRAJ/TE
100 _aRajput, R.K .
245 _aText book of power plant engineering /
250 _a3 /
260 _aNew Delhi :
_bLaxmi publications ,
_c2007.
300 _a1085 ; .
942 _cBK
999 _c13199
_d13199